000 00601nam a22002055i 4500
001 169242
003 ES-MaACL
005 20231218182111.0
008 080825s2001 sp |||| | spa d
020 _a84-663-0510-6
080 _a821.134.2-92"19"
100 1 _aMontero, Rosa,
_d1951-
_982503
245 1 3 _aLa vida desnuda /
_cRosa Montero.
260 _aMadrid :
_bSuma de Letras,
_c[2001]
300 _a310 p. ;
_c18 cm.
490 1 _aPunto de lectura ;
_v15/3
830 0 _aPunto de lectura ;
_v15/3
_9184240
852 _aES-MaACL
_jL-29697
_9R.143053
999 _c169242
_d169242